Derecho de las obligaciones : contratos en particular /

محفوظ في:
التفاصيل البيبلوغرافية
المؤلف الرئيسي: Lete del Río, José Manuel (autor)
التنسيق: كتاب
اللغة:الإسبانية
منشور في: Madrid, España : Tecnos, 1999, c1990
الطبعة:3a edición
الموضوعات:
الوسوم: إضافة وسم
لا توجد وسوم, كن أول من يضع وسما على هذه التسجيلة!

MARC

LEADER 00000nam^a2200000^a^4500
001 000162758
005 20250521000000.0
009 20260310100843.5
020 |a 84-309-3458-8 
020 |a 84-309-3525-8 
037 |a Acervo ITESO - Biblioteca 
041 |a ESP 
082 |a 346. 46  |b LET V. 3 
100 |a Lete del Río, José Manuel  |e (autor) 
240 1 1 |a [Derecho de las obligaciones] 
245 1 0 |a Derecho de las obligaciones :  |b contratos en particular /  |c J.M. Lete del Río. 
250 |a 3a edición 
264 4 |a Madrid, España :  |b Tecnos,  |c 1999, c1990 
300 |a 415 p. 
336 |a texto  |b txt  |2 rdacontenido 
337 |a sin mediación  |b n  |2 rdamedio 
338 |a volumen  |b nc  |2 rdasoporte 
649 |a XX 
650 |a Derecho de Crédito o de las Obligaciones -  |z España -  |x Tema Principal 
650 |a Actos Jurídicos -  |z España 
650 |a Contratos -  |z España 
650 |a Responsabilidad -  |z España 
650 |a Reparación del Daño -  |z España 
650 |a Derecho Civil -  |z España 
650 |a Derecho Privado -  |z España 
910 |a Fondo General 
920 |a Impresos - Libros 
930 |a Colección General 
905 |a 101 
901 |a 0500095413  |b IT1  |c ACC  |u 20250521 
902 |a https://opac.biblio.iteso.mx/vufind/Record/000162758